First Level Subdivisions of Ethiopia by Year - Statistics

General Stats
  • This quiz has been taken 8 times
  • The average score is 42 of 76
Answer Stats
Group Province/Region % Correct
1988 Addis Ababa
100%
2022 Addis Ababa
100%
1963 Eritrea
100%
1988 Eritrea
100%
2022 Southern
100%
1934 Tigray
100%
1963 Tigray
100%
1988 Tigray
100%
2022 Tigray
100%
2022 Afar
80%
1988 Dire Dawa
80%
2022 Dire Dawa
80%
1988 East Hararghe
80%
1963 Hararghe
80%
2022 Harari
80%
2022 Oromia
80%
2022 Sidama
80%
1963 Sidamo
80%
1988 Sidamo
80%
2022 Somali
80%
2022 South West
80%
1988 West Hararghe
80%
2022 Amhara
60%
1963 Arsi
60%
1988 Arsi
60%
1963 Bale
60%
1988 Bale
60%
1934 Begemeder
60%
1963 Begemeder
60%
2022 Benishangul-Gumuz
60%
1988 East Shewa
60%
1988 Gambela
60%
2022 Gambela
60%
1988 North Gonder
60%
1988 North Omo
60%
1988 North Shewa
60%
1988 North Wollo
60%
1988 Ogaden
60%
1963 Shewa/Shoa
60%
1988 South Gonder
60%
1988 South Omo
60%
1988 South Shewa
60%
1988 South Wollo
60%
1963 Welega
60%
1988 Welega
60%
1988 West Shewa
60%
1963 Wollo
60%
1934 Agame
40%
1934 Agawmeder
40%
1988 East Gojam
40%
1963 Gojjam
40%
1963 Ilubabor
40%
1988 Ilubabor
40%
1963 Kaffa
40%
1988 West Gojam
40%
1988 Aseb
20%
1988 Asosa
20%
1988 Borana
20%
1934 Dawaro
20%
1934 Dembiya
20%
1934 Enderta
20%
1934 Fatagar
20%
1963 Gamu-Gofa
20%
1934 Hadiya
20%
1934 Ifat
20%
1988 Kefa
20%
1934 Lasta
20%
1934 Menz
20%
1988 Metekel
20%
1934 Qwara
20%
1934 Sembien
20%
1934 Tembien
20%
1934 Tsegede
20%
1934 Tselemt
20%
1934 Wag
20%
1934 Wegera
20%
No matching quizzes found
Score Distribution
Percent of People with Each Score
Percentile by Number Answered
Your Score History
You have not taken this quiz